[Event "Stay Safe Play From Home 200"]
[Site "T#646566Emanuel Laske"]
[Date "2020.06.04"]
[Round "4"]
[White "SoulofWolf"]
[Black "Broken sword"]
[Result "0-1"]
[WhiteElo "2152"]
[BlackElo "2449"]
[Annotator "TA"]
[PlyCount "122"]
[EventDate "2020.06.04"]
[EventType "swiss (blitz)"]

{[%evp 9,121,25,32,0,95,21,27,-26,18,-10,-16,-44,-38,-80,-63,-69,-68,-62,-59,-58,-12,-18,40,16,76,33,54,54,59,-320,-167,-250,-273,-967,-451,-1412,-1281,-1340,-102,-327,-220,-445,-245,-305,-264,-333,-341,-449,-179,-398,-357,-362,-367,-364,-349,-360,-366,-418,-302,-461,-293,-916,-380,-381,-372,-1575,-1463,-1358,212,-29991,-29992,-29992,-29993,-29993,-29994,-29995,-29989,-29989,-29990,-29990,-29989,-29989,-29989,-29989,-29988,-29991,-29991,-29991,-29989,-29991,0,-29991,-29991,-29991,-29992,-29993,-29991,-29993,-29992,-29992,-29992,-29993,-29989,-29989,-29988,-29988,-29988,-29997,-29998,-29998,-29996,-29997,-29992,-29999]} 1. c4 e5 2. Nc3 Nc6 3. Nf3 Bb4 4. Qb3 a5 5. a3 Bxc3 6. Qxc3 {[#] A21: English Opening: 1...e5 2 Nc3.} Nge7 $146 (6... d6 $11) ({Predecessor:} 6... d6 7. b3 Nf6 8. d3 Bg4 9. e3 Bxf3 10. gxf3 O-O 11. Bb2 Re8 12. Be2 Qe7 {1-0 (48) Kovalyov,A (2548)-Thavandiran,S (2288) Montreal 2008}) 7. e3 (7. Nxe5 $16 Nxe5 8. Qxe5) 7... d6 $11 8. Bd3 (8. b3 $142) 8... O-O 9. Bc2 Bg4 10. h3 Bh5 11. g4 Bg6 12. d3 f5 13. Nh4 Be8 14. d4 exd4 (14... Nd5 $5 15. cxd5 Qxh4 16. dxc6 fxg4 17. Qc4+ Kh8 $11) 15. exd4 Bd7 (15... d5 $11) 16. Bg5 h6 (16... Nd5 $1 $11 {keeps the balance.} 17. cxd5 (17. Bxd8 Nxc3 18. bxc3 Raxd8 $11) 17... Qxg5 18. dxc6 Bxc6) 17. Bd2 fxg4 18. O-O-O $1 {Strongly threatening hxg4.} Nf5 $1 19. Ng6 $2 {[%mdl 8192]} (19. Nxf5 $14 {stays ahead.} Bxf5 20. Bxf5 Rxf5 21. hxg4 Rxf2 22. g5) 19... Rf6 ({Weaker is} 19... Ncxd4 20. Bd3 $15) (19... Nfxd4 $142 20. Bd3 Rxf2 21. hxg4 Bxg4) 20. Nf4 (20. hxg4 {might work better.} Nfxd4 {[%mdl 64] Discovered Attack} 21. Rde1 Nxc2 22. Qxc2) 20... Nfxd4 $19 {...Rxf4! is the strong threat.} 21. Nd5 $2 (21. Bd3 Qf8 22. Nd5 Rxf2 23. Kb1) 21... Rxf2 (21... Ne2+ $142 22. Kb1 Nxc3+ 23. Bxc3 Rxf2 24. hxg4 Ne5 25. Bxe5 dxe5) 22. Rhf1 (22. Rde1 $142 Nxc2 23. Kxc2) 22... Rxf1 23. Rxf1 gxh3 $2 (23... Ne2+ $19 24. Kb1 Nxc3+ 25. Nxc3 gxh3) 24. Bd1 $2 (24. Qd3 $17 Nxc2 {[#]} 25. Nf6+ $1 {[%mdl 512]} Qxf6 26. Rxf6) 24... Be6 25. Nf4 $2 (25. Qg3 Ne7 26. Rg1) 25... Bf7 (25... Bf5 $142 {Hoping for ...Nb4!} 26. Nd5 Qe8 27. Rxf5 Nxf5 28. Nxc7 Qg6 29. Qxh3 Rf8) 26. Qxh3 Qc8 ({Don't play} 26... Bxc4 27. Rg1 $19) 27. Qg3 {intending Nd5.} Qf5 28. Bc3 Qg5 $2 (28... Bxc4 29. Rf2 Qe5) 29. Qf2 $2 (29. Qxg5 hxg5 30. Nd5) 29... Ne6 30. Bd2 {And now Nxe6 would win.} Nxf4 31. Bxf4 Qf5 32. Bc2 Qf6 33. Rg1 Rf8 34. Qe3 (34. Qh2 $142 Kh8 35. Bg5) 34... Kh8 35. Qd3 $2 (35. Bg5 Qe6 36. c5) 35... Bg8 (35... Qxf4+ $142 36. Kb1 Bg8) 36. Bd2 Ne5 37. Bc3 $2 (37. Qg3) 37... Nxd3+ 38. Bxd3 Qf5 $4 {[%mdl 8192]} (38... Qf4+ $19 {and life is good for Black.} 39. Kb1 Rf7) 39. Kc2 $4 {[%mdl 8192]} (39. Bxf5 $18 Rxf5 40. Rxg7) 39... Qf2+ {[%mdl 64] Double Attack} 40. Bd2 Qxg1 41. Kc3 Rf2 42. Be3 Qg2 43. Bxf2 Qxf2 44. b3 Qf6+ 45. Kc2 Qe5 46. Kd2 Bf7 47. Kc2 Bh5 48. c5 Qh2+ 49. Kc3 Qe5+ $2 (49... dxc5 {mates} 50. Bb1 Qe5+ 51. Kd2 Qf4+ 52. Kc2 Qd4 53. Kc1 Qc3+ 54. Bc2 Bg6 55. Kd1 Qxc2+ 56. Ke1 Bd3 57. a4 Qe2#) 50. Kd2 $2 {[%mdl 8192]} (50. Kc2 $11 Qe1 51. c6 bxc6 52. Bf5 Qf2+ {[%mdl 64] Double Attack} 53. Kc3 Qxf5 54. b4 Qf2 55. bxa5 Bd1 56. Kd3 c5 57. Kc4 c6 58. Kd3 Qd4#) 50... Qxc5 {Black mates.} 51. b4 Qf2+ 52. Kc3 Qf6+ 53. Kb3 axb4 54. axb4 Qe5 55. Bc4 {[#]} Bf7 $1 {[%mdl 64] Clearance} 56. Bxf7 Qe3+ 57. Ka4 {[#]} Qf4 $1 58. Kb5 Qxf7 59. Ka5 Qe8 60. b5 b6+ 61. Ka6 Qa8# {Accuracy: White = 23%, Black = 41%.} 0-1

[Event "Stay Safe Play From Home 200"]
[Site "T#646566Emanuel Laske"]
[Date "2020.06.04"]
[Round "4"]
[White "Fischer_11"]
[Black "Weltszmerc"]
[Result "1-0"]
[WhiteElo "2033"]
[BlackElo "2109"]
[Annotator "NA RC"]
[PlyCount "135"]
[EventDate "2020.06.04"]
[EventType "swiss (blitz)"]

1. e4 {[%emt 0:00:03]} Nf6 {[%emt 0:00:00]} 2. Nc3 {[%emt 0:00:01]} d5 {[%emt 0:00:01]} 3. exd5 {[%emt 0:00:00]} Nxd5 {[%emt 0:00:00]} 4. Nxd5 {[%emt 0:00:00]} Qxd5 {[%emt 0:00:01]} 5. Qf3 {[%emt 0:00:00]} c6 {[%emt 0:00:00]} 6. Qxd5 {[%emt 0:00:01]} cxd5 {[%emt 0:00:00]} 7. d4 {[%emt 0:00:00]} Nc6 {[%emt 0:00:00]} 8. c3 {[%emt 0:00:00]} Bf5 {[%emt 0:00:01]} 9. Nf3 {[%emt 0:00:00]} e6 {[%emt 0:00:01]} 10. g3 {[%emt 0:00:00]} Be7 {[%emt 0:00:01]} 11. Bg2 {[%emt 0:00:00]} O-O {[%emt 0:00:00]} 12. O-O {[%emt 0:00:00]} Rac8 {[%emt 0:00:01]} 13. Bg5 {[%emt 0:00:00]} f6 {[%emt 0:00:02]} 14. Bf4 {[%emt 0:00:02]} Be4 {[%emt 0:00:01]} 15. Rfe1 {[%emt 0:00:01]} Kf7 {[%emt 0:00:02]} 16. Nd2 {[%emt 0:00:03]} Bxg2 {[%emt 0:00:01]} 17. Kxg2 {[%emt 0:00:00]} Na5 {[%emt 0:00:01]} 18. Re2 {[%emt 0:00:02]} Nc4 {[%emt 0:00:01]} 19. Nxc4 {[%emt 0:00:01]} Rxc4 {[%emt 0:00:01]} 20. a3 {[%emt 0:00:01]} Rfc8 {[%emt 0:00:03]} 21. Bd2 {[%emt 0:00:00]} b5 {[%emt 0:00:01]} 22. Rae1 {[%emt 0:00:00]} R4c6 {[%emt 0:00:01]} 23. f4 {[%emt 0:00:00]} f5 {[%emt 0:00:01]} 24. h3 {[%emt 0:00:04]} a5 {[%emt 0:00:02]} 25. g4 {[%emt 0:00:00]} Bf6 {[%emt 0:00:04]} 26. g5 {[%emt 0:00:03]} Be7 {[%emt 0:00:02]} 27. h4 {[%emt 0:00:00]} g6 {[%emt 0:00:01]} 28. Kf3 {[%emt 0:00:02]} Rb8 {[%emt 0:00:02]} 29. Rh1 {[%emt 0:00:03]} h5 {[%emt 0:00:06]} 30. Rd1 {[%emt 0:00:02]} b4 {[%emt 0:00:01]} 31. axb4 {[%emt 0:00:02]} axb4 {[%emt 0:00:00]} 32. Rc1 {[%emt 0:00:01]} bxc3 {[%emt 0:00:01]} 33. Rxc3 {[%emt 0:00:01]} Rxc3+ {[%emt 0:00:02]} 34. Bxc3 {[%emt 0:00:00]} Rb6 {[%emt 0:00:03]} 35. Ke3 {[%emt 0:00:01]} Ke8 {[%emt 0:00:01]} 36. Kd3 {[%emt 0:00:01]} Kd7 {[%emt 0:00:00]} 37. Re1 {[%emt 0:00:01]} Bb4 {[%emt 0:00:01]} 38. Ra1 {[%emt 0:00:01]} Bxc3 {[%emt 0:00:01]} 39. Kxc3 {[%emt 0:00:01]} Rc6+ {[%emt 0:00:01]} 40. Kd2 {[%emt 0:00:00]} Rc4 {[%emt 0:00:01]} 41. Ra7+ {[%emt 0:00:01]} Kc6 {[%emt 0:00:01]} 42. Ra6+ {[%emt 0:00:04]} Kd7 {[%emt 0:00:01]} 43. Kd3 {[%emt 0:00:01]} Rc6 {[%emt 0:00:01]} 44. Ra7+ {[%emt 0:00:00]} Rc7 {[%emt 0:00:00]} 45. Rxc7+ {[%emt 0:00:01]} Kxc7 {[%emt 0:00:01]} 46. Kc3 {[%emt 0:00:00]} Kc6 {[%emt 0:00:01]} 47. Kb4 {[%emt 0:00:00]} Kb6 {[%emt 0:00:00]} 48. Ka4 {[%emt 0:00:00]} Kc6 {[%emt 0:00:01]} 49. b3 {[%emt 0:00:00]} Kb6 {[%emt 0:00:01]} 50. Kb4 {[%emt 0:00:00]} Kc6 {[%emt 0:00:01]} 51. Ka5 {[%emt 0:00:00]} Kb7 {[%emt 0:00:00]} 52. b4 {[%emt 0:00:00]} Ka7 {[%emt 0:00:00]} 53. Kb5 {[%emt 0:00:00]} Kb7 {[%emt 0:00:00]} 54. Kc5 {[%emt 0:00:00]} Kc7 {[%emt 0:00:00]} 55. b5 {[%emt 0:00:00]} Kd7 {[%emt 0:00:01]} 56. b6 {[%emt 0:00:01]} Kc8 {[%emt 0:00:01]} 57. Kd6 {[%emt 0:00:00]} Kb7 {[%emt 0:00:00]} 58. Kxe6 {[%emt 0:00:00]} Kxb6 {[%emt 0:00:00]} 59. Kxd5 {[%emt 0:00:00]} Kc7 {[%emt 0:00:00]} 60. Ke5 {[%emt 0:00:00]} Kd7 {[%emt 0:00:00]} 61. Kf6 {[%emt 0:00:00]} Kd6 {[%emt 0:00:00]} 62. Kxg6 {[%emt 0:00:00]} Kd5 {[%emt 0:00:00]} 63. Kxf5 {[%emt 0:00:00]} Kxd4 {[%emt 0:00:00]} 64. Kg6 {[%emt 0:00:00]} Ke3 {[%emt 0:00:00]} 65. Kxh5 {[%emt 0:00:00]} Kxf4 {[%emt 0:00:00]} 66. Kg6 {[%emt 0:00:00]} Kg3 {[%emt 0:00:00]} 67. h5 {[%emt 0:00:00]} Kg4 {[%emt 0:00:00]} 68. h6 {[%emt 0:00:00] (Lag: Av=0.63s, max=1.1s)} 1-0

[Event "Stay Safe Play From Home 200"]
[Site "T#646566Emanuel Laske"]
[Date "2020.06.04"]
[Round "4"]
[White "Castlingarrocco"]
[Black "Lamborghini"]
[Result "1/2-1/2"]
[WhiteElo "2004"]
[BlackElo "2105"]
[Annotator "TA"]
[PlyCount "94"]
[EventDate "2020.06.04"]
[EventType "swiss (blitz)"]

{[%evp 9,94,-20,0,-35,-41,-38,-21,-8,-16,-16,-16,-16,-16,-17,-6,-13,-10,-36,-16,-10,0,0,53,54,131,29,38,0,0,0,0,-29,32,0,0,0,0,-206,-88,-179,-26,-28,32,0,41,0,0,-8,0,0,0,0,0,-100,-100,-100,-100,-129,-67,-67,-39,-124,-100,-200,-124,-124,0,0,0,-124,-124,-124,-56,-90,-56,-56,-56,-56,0,0,0,0,0,0,0,0,0]} 1. d4 Nf6 2. e3 g6 3. f4 Bg7 4. Nf3 O-O 5. Bd3 d6 6. Qe2 {A45: Trompowsky Attack.} Nc6 {[#]} 7. e4 $146 {[#]} ({Predecessor:} 7. c3 e5 8. fxe5 dxe5 9. dxe5 Ng4 10. O-O Ngxe5 11. Bc2 Nxf3+ 12. gxf3 Bh3 13. Rf2 Bf6 {0-1 (30) Vicente Ezeiza,M (1961)-Tornay Gomez,J (2032) San Sebastian 2018}) 7... e5 $1 {[%mdl 512]} 8. fxe5 (8. dxe5 dxe5) 8... dxe5 9. d5 Nd4 10. Nxd4 exd4 11. O-O c6 12. dxc6 bxc6 13. Nd2 Nd7 14. Qf2 c5 15. Nc4 Kh8 (15... Nb6 $11) 16. Bf4 f6 (16... Ba6 $14) 17. Rae1 (17. Qg3 $1 $16) 17... Ne5 $11 18. Bxe5 fxe5 19. Qe2 Be6 20. b3 Bg8 (20... Qh4 $11) 21. a4 Qe7 22. h3 Bh6 23. Qg4 $2 (23. Kh2 $11 {and White stays safe.}) 23... Be6 (23... Bf4 $1 $19 {has better winning chances.} 24. Qe2 Be6) 24. Qe2 {[#]} (24. Rxf8+ $17 Rxf8 25. Qd1) 24... Rxf1+ $2 (24... Bf4 $1 $19 25. Rb1 Qg5) 25. Rxf1 Rf8 (25... Bf4 $11) 26. Rxf8+ Bxf8 27. Qf3 Bg7 28. g4 h6 29. Kg2 Kh7 30. Qg3 Qg5 (30... Bxc4 {seems wilder.} 31. Bxc4 Bf6 32. Bd5 Bg5 33. Qd3 Bf4) 31. h4 (31. Nd6 $11 {remains equal.}) 31... Qxg4 $17 32. Qxg4 Bxg4 {[%mdl 4096] Endgame KBB-KBN} 33. Kg3 {[#]} Be6 (33... h5 $1 $17 34. Na5 Bh6) 34. Nd6 $15 Bf6 (34... Bf8 $5 {[%cal Rf8d6]} 35. Bc4 Bxc4 36. Nxc4 Kg7 $15) 35. Nc4 (35. Nb5 $15) 35... Kg7 36. Nd2 (36. Na5 $17) 36... g5 37. h5 Bf7 (37... Bd8 $17 {White must now prevent ...Ba5.} 38. Nf3 Kf8) 38. Kg4 $1 $11 Be6+ ({Black should play} 38... Be7 $11) 39. Kg3 $1 $17 Be7 40. Nf3 Bd6 (40... Kf8 $17 41. Nh2 Bf6) 41. Nh2 Kf6 (41... Bf7 {feels hotter.} 42. Kg4 a5 43. Bc4 Be8 44. Nf3 Kf6) 42. Ng4+ Bxg4 $1 43. Kxg4 a5 ({Better is} 43... Bc7 $15) 44. Bc4 {The position is equal.} Be7 45. Bd3 Bd6 46. Bc4 Be7 47. Bd3 Bd6 {Accuracy: White = 58%, Black = 55%.} 1/2-1/2

[Event "Stay Safe Play From Home 200"]
[Site "T#646566Emanuel Laske"]
[Date "2020.06.04"]
[Round "4"]
[White "Haxhi Baha"]
[Black "Haris kollari 13"]
[Result "1-0"]
[WhiteElo "2002"]
[BlackElo "1653"]
[Annotator "NA RC"]
[PlyCount "63"]
[EventDate "2020.06.04"]
[EventType "swiss (blitz)"]

1. e4 {[%emt 0:00:02]} e6 {[%emt 0:00:00]} 2. d4 {[%emt 0:00:01]} d5 {[%emt 0:00:01]} 3. exd5 {[%emt 0:00:00]} exd5 {[%emt 0:00:01]} 4. Nf3 {[%emt 0:00:00]} c5 {[%emt 0:00:01]} 5. Bd3 {[%emt 0:00:00]} c4 {[%emt 0:00:01]} 6. Be2 {[%emt 0:00:01]} Nc6 {[%emt 0:00:00]} 7. b3 {[%emt 0:00:00]} b5 {[%emt 0:00:01]} 8. a4 {[%emt 0:00:01]} cxb3 {[%emt 0:00:06]} 9. axb5 {[%emt 0:00:01]} bxc2 {[%emt 0:00:02]} 10. Qxc2 {[%emt 0:00:00]} Nce7 {[%emt 0:00:01]} 11. O-O {[%emt 0:00:01]} Be6 {[%emt 0:00:01]} 12. Ne5 {[%emt 0:00:01]} Nf6 {[%emt 0:00:01]} 13. Qa4 {[%emt 0:00:01]} Qb6 {[%emt 0:00:03]} 14. Bd2 {[%emt 0:00:03]} Nc8 {[%emt 0:00:07]} 15. Ba5 {[%emt 0:00:00]} Qb7 {[%emt 0:00:01]} 16. b6+ {[%emt 0:00:01]} Nd7 {[%emt 0:00:01]} 17. Bb5 {[%emt 0:00:01]} axb6 {[%emt 0:00:02]} 18. Nxd7 {[%emt 0:00:05]} Bxd7 {[%emt 0:00:06]} 19. Bxd7+ {[%emt 0:00:01]} Qxd7 {[%emt 0:00:01]} 20. Re1+ {[%emt 0:00:00]} Be7 {[%emt 0:00:04]} 21. Qxd7+ {[%emt 0:00:03]} Kxd7 {[%emt 0:00:01]} 22. Bc3 {[%emt 0:00:01]} Rxa1 {[%emt 0:00:01]} 23. Bxa1 {[%emt 0:00:00]} Nd6 {[%emt 0:00:01]} 24. Nc3 {[%emt 0:00:02]} Nc4 {[%emt 0:00:05]} 25. Nxd5 {[%emt 0:00:01]} Bd8 {[%emt 0:00:00]} 26. Nf4 {[%emt 0:00:02]} Re8 {[%emt 0:00:01]} 27. Rd1 {[%emt 0:00:02]} Na3 {[%emt 0:00:03]} 28. Bb2 {[%emt 0:00:03]} Nc4 {[%emt 0:00:01]} 29. Bc3 {[%emt 0:00:01]} Bc7 {[%emt 0:00:00]} 30. Nd3 {[%emt 0:00:01]} Re2 {[%emt 0:00:02]} 31. Kf1 {[%emt 0:00:01]} Rc2 {[%emt 0:00:02]} 32. Bb4 {[%emt 0:00:00] Time} 1-0

[Event "Stay Safe Play From Home 200"]
[Site "T#646566Emanuel Laske"]
[Date "2020.06.04"]
[Round "4"]
[White "SecantFX"]
[Black "Mamba2001de"]
[Result "1-0"]
[WhiteElo "1825"]
[BlackElo "1433"]
[Annotator "NA RC"]
[PlyCount "67"]
[EventDate "2020.06.04"]
[EventType "swiss (blitz)"]

1. g3 {[%emt 0:00:00]} e5 {[%emt 0:00:01]} 2. Bg2 {[%emt 0:00:00]} Nc6 {[%emt 0:00:01]} 3. f4 {[%emt 0:00:00]} d6 {[%emt 0:00:02]} 4. fxe5 {[%emt 0:00:01]} dxe5 {[%emt 0:00:01]} 5. Nf3 {[%emt 0:00:01]} Bd6 {[%emt 0:00:03]} 6. O-O {[%emt 0:00:01]} Nf6 {[%emt 0:00:01]} 7. e4 {[%emt 0:00:01]} O-O {[%emt 0:00:01]} 8. d3 {[%emt 0:00:01]} Bg4 {[%emt 0:00:01]} 9. Qe1 {[%emt 0:00:01]} Qd7 {[%emt 0:00:01]} 10. Nh4 {[%emt 0:00:01]} Bh3 {[%emt 0:00:01]} 11. Bxh3 {[%emt 0:00:01]} Qxh3 {[%emt 0:00:02]} 12. Qf2 {[%emt 0:00:01]} Ng4 {[%emt 0:00:02]} 13. Qg2 {[%emt 0:00:01]} Qxg2+ {[%emt 0:00:01]} 14. Nxg2 {[%emt 0:00:01]} Nd4 {[%emt 0:00:02]} 15. h3 {[%emt 0:00:05]} Nf6 {[%emt 0:00:03]} 16. Rf2 {[%emt 0:00:01]} Bc5 {[%emt 0:00:02]} 17. Kh2 {[%emt 0:00:03]} Ne6 {[%emt 0:00:02]} 18. Re2 {[%emt 0:00:01]} Nd4 {[%emt 0:00:01]} 19. Rd2 {[%emt 0:00:01]} Nf3+ {[%emt 0:00:02]} 20. Kh1 {[%emt 0:00:01]} Nxd2 {[%emt 0:00:01]} 21. Bxd2 {[%emt 0:00:00]} Rad8 {[%emt 0:00:03]} 22. Nc3 {[%emt 0:00:01]} Bd4 {[%emt 0:00:01]} 23. Rf1 {[%emt 0:00:02]} Nh5 {[%emt 0:00:02]} 24. Kh2 {[%emt 0:00:02]} g6 {[%emt 0:00:03]} 25. g4 {[%emt 0:00:01]} Ng7 {[%emt 0:00:02]} 26. Bg5 {[%emt 0:00:01]} Rd6 {[%emt 0:00:02]} 27. Bh6 {[%emt 0:00:02]} Ne6 {[%emt 0:00:02]} 28. Nd1 {[%emt 0:00:04]} Rb6 {[%emt 0:00:02]} 29. Bxf8 {[%emt 0:00:01]} Kxf8 {[%emt 0:00:03]} 30. b3 {[%emt 0:00:01]} Rc6 {[%emt 0:00:02]} 31. c4 {[%emt 0:00:03]} Ng5 {[%emt 0:00:02]} 32. Kg3 {[%emt 0:00:02]} Ne6 {[%emt 0:00:02]} 33. h4 {[%emt 0:00:00]} Bb6 {[%emt 0:00:02]} 34. Nge3 {[%emt 0:00:01] Zeit (Lag: Av=0.40s, max=1.2s) '} 1-0

[Event "Stay Safe Play From Home 200"]
[Site "T#646566Emanuel Laske"]
[Date "2020.06.04"]
[Round "4"]
[White "Matanant"]
[Black "Gibiz144"]
[Result "1-0"]
[WhiteElo "1632"]
[BlackElo "1577"]
[Annotator "NA RC"]
[PlyCount "59"]
[EventDate "2020.06.04"]
[EventType "swiss (blitz)"]

1. b3 {[%emt 0:00:03]} e6 {[%emt 0:00:00]} 2. Bb2 {[%emt 0:00:00]} b6 {[%emt 0:00:00]} 3. e3 {[%emt 0:00:00]} Bb7 {[%emt 0:00:00]} 4. f4 {[%emt 0:00:00]} d6 {[%emt 0:00:01]} 5. Nf3 {[%emt 0:00:00]} Ne7 {[%emt 0:00:01]} 6. Be2 {[%emt 0:00:00]} Nd7 {[%emt 0:00:02]} 7. O-O {[%emt 0:00:00]} e5 {[%emt 0:00:02]} 8. c4 {[%emt 0:00:00]} exf4 {[%emt 0:00:01]} 9. exf4 {[%emt 0:00:01]} f6 {[%emt 0:00:01]} 10. d4 {[%emt 0:00:00]} g6 {[%emt 0:00:01]} 11. d5 {[%emt 0:00:00]} Bg7 {[%emt 0:00:02]} 12. Nd4 {[%emt 0:00:00]} O-O {[%emt 0:00:02]} 13. Ne6 {[%emt 0:00:00]} Qc8 {[%emt 0:00:02]} 14. Nxf8 {[%emt 0:00:01]} Qxf8 {[%emt 0:00:01]} 15. Bd3 {[%emt 0:00:01]} Re8 {[%emt 0:00:02]} 16. Nd2 {[%emt 0:00:00]} Nc5 {[%emt 0:00:01]} 17. Bc2 {[%emt 0:00:02]} Nc8 {[%emt 0:00:02]} 18. f5 {[%emt 0:00:01]} g5 {[%emt 0:00:01]} 19. Nf3 {[%emt 0:00:01]} h5 {[%emt 0:00:02]} 20. Nd4 {[%emt 0:00:01]} g4 {[%emt 0:00:01]} 21. Ne6 {[%emt 0:00:00]} Qf7 {[%emt 0:00:02]} 22. Qd2 {[%emt 0:00:04]} Nxe6 {[%emt 0:00:07]} 23. fxe6 {[%emt 0:00:02]} Qf8 {[%emt 0:00:01]} 24. Rf5 {[%emt 0:00:02]} Ne7 {[%emt 0:00:01]} 25. Rxh5 {[%emt 0:00:02]} f5 {[%emt 0:00:03]} 26. Rf1 {[%emt 0:00:02]} Bxb2 {[%emt 0:00:02]} 27. Bxf5 {[%emt 0:00:02]} Nxf5 {[%emt 0:00:02]} 28. Qxb2 {[%emt 0:00:01]} Ng7 {[%emt 0:00:03]} 29. Rxf8+ {[%emt 0:00:02]} Rxf8 {[%emt 0:00:01]} 30. Rg5 {[%emt 0:00:00] Gibiz144 gibt auf (Lag: Av=0.58s, max=2.4s)} 1-0

[Event "Stay Safe Play From Home 200"]
[Site "T#646566Emanuel Laske"]
[Date "2020.06.04"]
[Round "4"]
[White "Trotsky"]
[Black "KLIND"]
[Result "0-1"]
[WhiteElo "1604"]
[BlackElo "1855"]
[Annotator "NA RC"]
[PlyCount "74"]
[EventDate "2020.06.04"]
[EventType "swiss (blitz)"]

1. d4 {[%emt 0:00:01]} d5 {[%emt 0:00:00]} 2. e3 {[%emt 0:00:01]} Nf6 {[%emt 0:00:04]} 3. c4 {[%emt 0:00:01]} Bg4 {[%emt 0:00:00]} 4. f3 {[%emt 0:00:01]} Bh5 {[%emt 0:00:01]} 5. Nc3 {[%emt 0:00:01]} c6 {[%emt 0:00:01]} 6. g4 {[%emt 0:00:02]} Bg6 {[%emt 0:00:02]} 7. c5 {[%emt 0:00:00]} e6 {[%emt 0:00:01]} 8. Bd3 {[%emt 0:00:01]} Bxd3 {[%emt 0:00:03]} 9. Qxd3 {[%emt 0:00:01]} Be7 {[%emt 0:00:01]} 10. h4 {[%emt 0:00:06]} Nbd7 {[%emt 0:00:04]} 11. Bd2 {[%emt 0:00:02]} b6 {[%emt 0:00:00]} 12. O-O-O {[%emt 0:00:02]} bxc5 {[%emt 0:00:01]} 13. dxc5 {[%emt 0:00:01]} Nxc5 {[%emt 0:00:00]} 14. Qc2 {[%emt 0:00:02]} Qb6 {[%emt 0:00:01]} 15. Kb1 {[%emt 0:00:01]} Rb8 {[%emt 0:00:01]} 16. Bc1 {[%emt 0:00:02]} O-O {[%emt 0:00:02]} 17. Nh3 {[%emt 0:00:02]} Nfd7 {[%emt 0:00:02]} 18. Ng5 {[%emt 0:00:01]} g6 {[%emt 0:00:02]} 19. h5 {[%emt 0:00:01]} Bxg5 {[%emt 0:00:01]} 20. hxg6 {[%emt 0:00:01]} fxg6 {[%emt 0:00:01]} 21. f4 {[%emt 0:00:04]} Bf6 {[%emt 0:00:02]} 22. Rh6 {[%emt 0:00:03]} Bg7 {[%emt 0:00:01]} 23. Rxg6 {[%emt 0:00:01]} hxg6 {[%emt 0:00:00]} 24. Qxg6 {[%emt 0:00:01]} Rf6 {[%emt 0:00:03]} 25. Qg5 {[%emt 0:00:03]} d4 {[%emt 0:00:01]} 26. exd4 {[%emt 0:00:01]} Na4 {[%emt 0:00:01]} 27. Rd3 {[%emt 0:00:06]} Nxc3+ {[%emt 0:00:01]} 28. Rxc3 {[%emt 0:00:01]} c5 {[%emt 0:00:04]} 29. Rh3 {[%emt 0:00:02]} cxd4 {[%emt 0:00:01]} 30. Rh7 {[%emt 0:00:01]} Rf7 {[%emt 0:00:01]} 31. f5 {[%emt 0:00:02]} Qb5 {[%emt 0:00:01]} 32. f6 {[%emt 0:00:02]} Qxg5 {[%emt 0:00:00]} 33. Rxg7+ {[%emt 0:00:02]} Rxg7 {[%emt 0:00:01]} 34. Bxg5 {[%emt 0:00:01]} Rxg5 {[%emt 0:00:00]} 35. f7+ {[%emt 0:00:01]} Kxf7 {[%emt 0:00:00]} 36. a3 {[%emt 0:00:01]} Rxg4 {[%emt 0:00:01]} 37. Ka2 {[%emt 0:00:01]} d3 {[%emt 0:00:00] Âðåìÿ (Lag: Av=0.34s, max=1.1s)} 0-1

[Event "Stay Safe Play From Home 200"]
[Site "T#646566Emanuel Laske"]
[Date "2020.06.04"]
[Round "4"]
[White "Tobo Rubirosa"]
[Black "Edmatuag"]
[Result "0-1"]
[WhiteElo "1433"]
[BlackElo "1612"]
[Annotator "NA RC"]
[PlyCount "38"]
[EventDate "2020.06.04"]
[EventType "swiss (blitz)"]

1. Nf3 {[%emt 0:00:10]} d5 {[%emt 0:00:04]} 2. d4 {[%emt 0:00:01]} Nf6 {[%emt 0:00:01]} 3. c4 {[%emt 0:00:00]} c6 {[%emt 0:00:01]} 4. g3 {[%emt 0:00:01]} g6 {[%emt 0:00:01]} 5. Bg2 {[%emt 0:00:01]} Bg7 {[%emt 0:00:00]} 6. O-O {[%emt 0:00:01]} O-O {[%emt 0:00:00]} 7. cxd5 {[%emt 0:00:01]} Nxd5 {[%emt 0:00:02]} 8. Ne5 {[%emt 0:00:00]} Nd7 {[%emt 0:00:02]} 9. Nc3 {[%emt 0:00:01]} Nxe5 {[%emt 0:00:02]} 10. Nxd5 {[%emt 0:00:01]} cxd5 {[%emt 0:00:02]} 11. dxe5 {[%emt 0:00:01]} Be6 {[%emt 0:00:06]} 12. f4 {[%emt 0:00:01]} Rc8 {[%emt 0:00:03]} 13. e4 {[%emt 0:00:01]} dxe4 {[%emt 0:00:03]} 14. Bxe4 {[%emt 0:00:02]} Qb6+ {[%emt 0:00:04]} 15. Kh1 {[%emt 0:00:04]} Bh3 {[%emt 0:00:02]} 16. Re1 {[%emt 0:00:02]} Rfd8 {[%emt 0:00:05]} 17. Qe2 {[%emt 0:00:01]} Rc7 {[%emt 0:00:06]} 18. Be3 {[%emt 0:00:02]} Qb4 {[%emt 0:00:02]} 19. Red1 {[%emt 0:00:03]} Qxe4+ {[%emt 0:00:02] Tobo Rubirosa rinde (Lag: Av=0.68s, max=1.3s)} 0-1